[Event "Moscow-ch (Women)"]
[Site "Moscow"]
[Date "2024.03.27"]
[Round "4"]
[White "Miroshnik, Ekaterina"]
[Black "Diakonova, Ekaterina"]
[Result "1/2-1/2"]
[WhiteElo "2125"]
[BlackElo "2103"]
[PlyCount "70"]
[EventDate "2024.03.22"]
[EventType "swiss"]
[EventRounds "7"]
[EventCountry "RUS"]
[SourceTitle "CB15_2024"]
[SourceDate "2024.04.10"]
[SourceVersion "1"]
[SourceVersionDate "2024.04.10"]
[SourceQuality "1"]

1. d4 Nf6 2. c4 e6 3. Nc3 Bb4 4. e3 0-0 5. Bd3 d5 6. a3 Bxc3+ 7. bxc3 dxc4 8. Bxc4 c5 9. Ne2 Qc7 10. Bd3 Nc6 11. f4 b6 12. 0-0 Ne7 13. Ra2 Bb7 14. Ng3 cxd4 15. cxd4 Bd5 16. Re2 Rfd8 17. Bb2 Rac8 18. e4 Bc4 19. Bxc4 Qxc4 20. Rd2 b5 21. d5 Nxe4 22. Rd4 Qc2 23. Qxc2 Rxc2 24. dxe6 Rxd4 25. Bxd4 Nxg3 26. hxg3 a6 27. f5 fxe6 28. fxe6 Nc6 29. Be3 h6 30. Rf7 Rc3 31. Rc7 Rxe3 32. Rxc6 Kf8 33. Rxa6 Rxg3 34. Kf2 Rb3 35. Ra7 g5 1/2-1/2

[Event "Moscow-ch (Women)"]
[Site "Moscow"]
[Date "2024.03.25"]
[Round "2"]
[White "Dimitrova, Aleksandra"]
[Black "Diakonova, Ekaterina"]
[Result "0-1"]
[WhiteElo "2188"]
[BlackElo "2103"]
[PlyCount "160"]
[EventDate "2024.03.22"]
[EventType "swiss"]
[EventRounds "7"]
[EventCountry "RUS"]
[SourceTitle "CB15_2024"]
[SourceDate "2024.04.10"]
[SourceVersion "1"]
[SourceVersionDate "2024.04.10"]
[SourceQuality "1"]

1. e4 e5 2. Nf3 Nc6 3. Bb5 a6 4. Ba4 Bc5 5. d3 Nge7 6. Nc3 0-0 7. a3 d6 8. b4 Ba7 9. Be3 Bg4 10. Bxa7 Rxa7 11. Ne2 Bxf3 12. gxf3 Ng6 13. Bxc6 bxc6 14. Rg1 Nh4 15. Ng3 f5 16. Nxf5 Nxf5 17. exf5 Rxf5 18. Rg3 Qf6 19. Ke2 Ra8 20. Qc1 Rh5 21. h3 Rf8 22. Rb1 d5 23. Qe3 g6 24. Rbg1 Kg7 25. Qa7 Rf7 26. Qxa6 e4 27. Re1 Rf5 28. Qa7 exd3+ 29. Kxd3 Rf4 30. Qe3 c5 31. bxc5 Qa6+ 32. Kd2 R7f6 33. Rg4 Rxf3 34. Qe7+ Rf7 35. Qe5+ Kg8 36. Qe8+ Rf8 37. Qe6+ Qxe6 38. Rxe6 Rxa3 39. f4 Rxh3 40. c6 Rf3 41. Re7 Rf7 42. Rd7 Kg7 43. Rg5 R3xf4 44. Rgxd5 h5 45. Ke2 R4f6 46. Rc5 Re6+ 47. Kd3 Rxd7+ 48. cxd7 Rd6+ 49. Ke4 Rxd7 50. Kf4 Kh6 51. Rc6 Rf7+ 52. Kg3 Kg5 53. Rc5+ Kf6 54. Rc6+ Kf5 55. Rc5+ Ke4 56. Kh4 Rf4+ 57. Kg3 Rg4+ 58. Kh2 g5 59. Rxc7 Kf3 60. Rf7+ Rf4 61. Rd7 Rc4 62. Rd3+ Kf4 63. Rd2 g4 64. Kg2 h4 65. Re2 h3+ 66. Kh2 Rc3 67. Rf2+ Kg5 68. Re2 Kh4 69. Rd2 Ra3 70. Rd4 Rc3 71. Rd2 g3+ 72. Kg1 Ra3 73. Rd4+ Kg5 74. Rd5+ Kf4 75. Rd4+ Kf3 76. Rd1 Rc3 77. Rc1 Ke2 78. Kh1 Kd2 79. Rg1 Kxc2 80. Ra1 Rb3 0-1

[Event "RUS-chT Blitz (Women)"]
[Site "Sochi"]
[Date "2022.10.17"]
[Round "10.1"]
[White "Shuvalova, Polina"]
[Black "Diakonova, Ekaterina"]
[Result "1/2-1/2"]
[WhiteElo "2492"]
[BlackElo "2087"]
[PlyCount "139"]
[EventDate "2022.10.17"]
[EventType "team-swiss (blitz)"]
[EventRounds "11"]
[EventCountry "RUS"]
[SourceTitle "CBM 210 Extra"]
[Source "ChessBase"]
[SourceDate "2022.11.30"]
[SourceVersion "1"]
[SourceVersionDate "2022.11.30"]
[SourceQuality "1"]
[WhiteTeam "Cheliabinsk Yuzhnyy Ural (W)"]
[BlackTeam "Moscow SSh Yunost (W)"]
[WhiteTeamCountry "RUS"]
[BlackTeamCountry "RUS"]

1. d4 Nf6 2. Nf3 c5 3. d5 b5 4. e4 Nxe4 5. Bd3 Nd6 6. 0-0 g6 7. a4 Bg7 8. axb5 0-0 9. c4 a6 10. Nc3 Bb7 11. bxa6 Nxa6 12. Re1 Re8 13. Bg5 h6 14. Bh4 Nb4 15. Rxa8 Bxa8 16. Bf1 Nf5 17. Bg3 Nxg3 18. hxg3 d6 19. g4 Bb7 20. g5 h5 21. Nd2 Bc8 22. Qa4 Bd7 23. Qa7 Nc2 24. Rc1 Bf5 25. Nde4 Nd4 26. Ra1 Qb8 27. Qa2 Qb4 28. Ng3 Bc2 29. Nb5 Nxb5 30. cxb5 Bxb2 31. Rb1 Bxb1 32. Qxb1 Be5 33. Qd3 Ra8 34. Ne2 Ra1 35. g3 h4 36. gxh4 Qxh4 37. Ng3 Qxg5 38. Kg2 Bxg3 39. fxg3 Ra2+ 40. Be2 Qe5 41. Kf3 g5 42. b6 g4+ 43. Kf2 Rb2 44. Qa6 Qd4+ 45. Kg2 Qxd5+ 46. Kf2 Qf3+ 47. Ke1 Qxg3+ 48. Kd1 Qg1+ 49. Bf1 Qd4+ 50. Bd3 Rb3 51. Ke2 Qb2+ 52. Ke3 Rxb6 53. Qc8+ Kg7 54. Qxg4+ Kf6 55. Qf5+ Kg7 56. Qg4+ Kf8 57. Qc8+ Kg7 58. Qg4+ Kh6 59. Qh4+ Kg7 60. Qg4+ Kh8 61. Qc8+ Kg7 62. Qg4+ Kf6 63. Qf5+ Kg7 64. Qg4+ Kh6 65. Qh4+ Kg7 66. Qg4+ Kh8 67. Qc8+ Kg7 68. Qg4+ Kf8 69. Qc8+ Kg7 70. Qg4+ 1/2-1/2

[Event "RUS-chT Rapid (Women)"]
[Site "Sochi"]
[Date "2021.10.16"]
[Round "8.2"]
[White "Baraeva, Irina"]
[Black "Diakonova, Ekaterina"]
[Result "1-0"]
[WhiteElo "2223"]
[BlackElo "2157"]
[PlyCount "81"]
[EventDate "2021.10.15"]
[EventType "team-swiss (rapid)"]
[EventRounds "9"]
[EventCountry "RUS"]
[SourceTitle "CBM 204 Extra"]
[Source "ChessBase"]
[SourceDate "2021.11.30"]
[SourceVersion "1"]
[SourceVersionDate "2021.11.30"]
[SourceQuality "1"]
[WhiteTeam "Krasnodar Strimershi (W)"]
[BlackTeam "Moscow SSh Yunost (W)"]
[WhiteTeamCountry "RUS"]
[BlackTeamCountry "RUS"]

1. d4 d6 2. Nf3 Nf6 3. c4 g6 4. Nc3 Bf5 5. g3 Nc6 6. Bg2 Bg7 7. 0-0 Ne4 8. Nd5 Qd7 9. Be3 Nf6 10. Nh4 Bg4 11. h3 Bxh3 12. Nxc7+ Qxc7 13. Bxh3 e5 14. dxe5 Nxe5 15. Rc1 0-0 16. Bg2 Nfg4 17. Bd4 Bh6 18. e3 Rad8 19. f4 f5 20. fxe5 dxe5 21. Bd5+ Kh8 22. Bc3 Nxe3 23. Qe2 Rfe8 24. Rce1 Nxf1 25. Kxf1 Bg7 26. Kg2 b5 27. b3 a5 28. Bb2 bxc4 29. bxc4 Rb8 30. Nxg6+ hxg6 31. Rh1+ Bh6 32. Rxh6+ Kg7 33. Rh1 Rxb2 34. Qxb2 Rb8 35. Qd2 Qc5 36. Qh6+ Kf6 37. Qh4+ Kg7 38. Qh7+ Kf6 39. Rh6 e4 40. Qxg6+ Ke5 41. Qg7# 1-0

[Event "RUS-chT Rapid (Women)"]
[Site "Sochi"]
[Date "2021.10.15"]
[Round "4.2"]
[White "Nasyrova, Ekaterina"]
[Black "Diakonova, Ekaterina"]
[Result "1/2-1/2"]
[WhiteElo "2091"]
[BlackElo "2157"]
[PlyCount "146"]
[EventDate "2021.10.15"]
[EventType "team-swiss (rapid)"]
[EventRounds "9"]
[EventCountry "RUS"]
[SourceTitle "CBM 204 Extra"]
[Source "ChessBase"]
[SourceDate "2021.11.30"]
[SourceVersion "1"]
[SourceVersionDate "2021.11.30"]
[SourceQuality "1"]
[WhiteTeam "Tatarstan Ladya (W)"]
[BlackTeam "Moscow SSh Yunost (W)"]
[WhiteTeamCountry "RUS"]
[BlackTeamCountry "RUS"]

1. d4 d6 2. Nf3 Nf6 3. c4 g6 4. g3 Bf5 5. Nc3 Ne4 6. Qb3 Qc8 7. Bg2 Nxc3 8. Qxc3 Bg7 9. b3 c5 10. Bb2 cxd4 11. Nxd4 Bh3 12. 0-0 Bxg2 13. Kxg2 Nc6 14. Qd2 Ne5 15. Rac1 h5 16. h3 Bh6 17. f4 0-0 18. e3 Nd7 19. Nf3 Qc6 20. Kh2 Qe4 21. Rcd1 Nc5 22. Qc3 f6 23. Nh4 g5 24. Ng2 Ne6 25. f5 Nc5 26. Rd5 g4 27. hxg4 hxg4 28. Rd4 Qc6 29. Rxg4+ Kf7 30. Qd4 Rh8 31. Rh4 Bg5 32. Rxh8 Rxh8+ 33. Kg1 Ne4 34. Rf3 Nd2 35. Qxd2 Qxf3 36. Qf2 Qd1+ 37. Ne1 Qb1 38. Bd4 Qe4 39. Qf3 Qxf3 40. Nxf3 Rc8 41. a4 b6 42. e4 e6 43. Kf2 Ke7 44. g4 Bf4 45. Nh4 Be5 46. Ng6+ Kf7 47. Be3 Bh2 48. Kg2 Be5 49. Kf3 Rb8 50. Ke2 a6 51. Kd3 Bb2 52. b4 a5 53. b5 Ba3 54. Nf4 e5 55. Ng6 Bc5 56. Bd2 Bd4 57. g5 Rg8 58. gxf6 Kxf6 59. Be1 Rg7 60. Bh4+ Kf7 61. Bd8 Rxg6 62. fxg6+ Kxg6 63. Be7 Bc5 64. Ke2 Kh5 65. Kf3 Kg6 66. Kg4 Bb4 67. Bd8 Bc5 68. Bc7 Kf6 69. Kh5 Ke6 70. Bd8 Kd7 71. Bg5 Ke6 72. Kg6 Kd7 73. Kf7 Bd4 1/2-1/2

[Event "RUS-chT Blitz (Women)"]
[Site "Sochi"]
[Date "2021.10.14"]
[Round "10.2"]
[White "Diakonova, Ekaterina"]
[Black "Simakova, Elena"]
[Result "1-0"]
[WhiteElo "2157"]
[BlackElo "1929"]
[PlyCount "93"]
[EventDate "2021.10.14"]
[EventType "team-tourn (blitz)"]
[EventRounds "11"]
[EventCountry "RUS"]
[SourceTitle "CBM 204 Extra"]
[Source "ChessBase"]
[SourceDate "2021.11.30"]
[SourceVersion "1"]
[SourceVersionDate "2021.11.30"]
[SourceQuality "1"]
[WhiteTeam "Moscow SSh Yunost (W)"]
[BlackTeam "Cheliabinsk Yuzhnyy Ural (W) III"]
[WhiteTeamCountry "RUS"]
[BlackTeamCountry "RUS"]

1. d4 Nf6 2. Bf4 c5 3. d5 d6 4. Nc3 g6 5. e4 Bg7 6. Nf3 a6 7. a4 0-0 8. Be2 Nh5 9. Be3 e5 10. dxe6 fxe6 11. 0-0 Nc6 12. Nd2 Nf4 13. Bf3 Nd4 14. Bxd4 Bxd4 15. Nb3 Be5 16. Bg4 h5 17. Be2 Qg5 18. g3 h4 19. Kh1 Nh3 20. f4 Qh6 21. Kg2 Bxc3 22. bxc3 e5 23. Qxd6 exf4 24. Bc4+ Kh8 25. Qe5+ Qg7 26. Qxg7+ Kxg7 27. Nxc5 hxg3 28. hxg3 Ng5 29. gxf4 Bh3+ 30. Kg3 Bxf1 31. Rxf1 Nxe4+ 32. Nxe4 Rae8 33. Bd3 b5 34. axb5 axb5 35. Nd6 Rb8 36. Nxb5 Rfe8 37. Kf3 Rf8 38. c4 Rbc8 39. Nd4 Kf6 40. Re1 Rfe8 41. Rxe8 Rxe8 42. c5 Rd8 43. c3 Rc8 44. c6 Ra8 45. c7 Rc8 46. Nb5 Rh8 47. Nd6 1-0

[Event "RUS-ch rapid (Women)"]
[Site "Sochi"]
[Date "2021.10.12"]
[Round "3"]
[White "Diakonova, Ekaterina"]
[Black "Shafigullina, Zarina"]
[Result "0-1"]
[WhiteElo "2157"]
[BlackElo "2204"]
[PlyCount "104"]
[EventDate "2021.10.12"]
[EventType "swiss (rapid)"]
[EventRounds "11"]
[EventCountry "RUS"]
[SourceTitle "CBM 204 Extra"]
[Source "ChessBase"]
[SourceDate "2021.11.30"]
[SourceVersion "1"]
[SourceVersionDate "2021.11.30"]
[SourceQuality "1"]

1. d4 Nf6 2. Bf4 d5 3. e3 c5 4. dxc5 Nc6 5. Bb5 e6 6. b4 a5 7. c3 Bd7 8. Bxc6 Bxc6 9. a4 d4 10. f3 dxc3 11. b5 Qxd1+ 12. Kxd1 Bd5 13. Nxc3 Bxc5 14. Nge2 Rc8 15. Kc2 Bc4 16. Kb2 Bxe2 17. Nxe2 Nd5 18. Rac1 0-0 19. Rxc5 Rxc5 20. Bd6 Rc4 21. Bxf8 Kxf8 22. e4 Rb4+ 23. Ka3 Nb6 24. Nc3 Nc4+ 25. Ka2 Rb2+ 26. Ka1 Rxg2 27. Rc1 Nd2 28. Rd1 Rxh2 29. f4 h5 30. b6 g6 31. e5 h4 32. Nb5 h3 33. Nd6 Nb3+ 34. Kb1 Nc5 35. Rc1 Nxa4 36. Rc8+ Kg7 37. Ne8+ Kh6 38. Nf6 Rh1+ 39. Kc2 g5 40. Rg8 Rg1 41. f5 Rg2+ 42. Kb3 g4 43. Nxg4+ Kh5 44. Nf6+ Kh4 45. Rh8+ Kg3 46. Kxa4 exf5 47. Nd5 h2 48. Rg8+ Kf3 49. Rh8 Kg3 50. Rg8+ Kf2 51. Rh8 Kg1 52. Ne3 h1Q 0-1

[Event "Titled Tuesday intern op 05th Oct"]
[Site "Chess.com INT"]
[Date "2021.10.05"]
[Round "2"]
[White "Diakonova, Ekaterina"]
[Black "Novik, Maxim"]
[Result "0-1"]
[WhiteElo "2157"]
[BlackElo "2438"]
[PlyCount "104"]
[EventDate "2021.10.05"]
[EventType "swiss (blitz)"]
[EventRounds "11"]
[EventCountry "USA"]
[SourceTitle "CBM 204 Extra"]
[Source "ChessBase"]
[SourceDate "2021.11.30"]
[SourceVersion "1"]
[SourceVersionDate "2021.11.30"]
[SourceQuality "1"]

1. d4 Nf6 2. Bf4 c5 3. e3 Qb6 4. b3 g6 5. Nd2 Bg7 6. Bxb8 Rxb8 7. Ngf3 Nd5 8. Nc4 Qb4+ 9. Qd2 cxd4 10. exd4 b5 11. Qxb4 Nxb4 12. Ne3 Nc6 13. 0-0-0 d6 14. Nd5 0-0 15. Ne3 Bd7 16. Kb2 Rfc8 17. c3 e5 18. dxe5 Nxe5 19. Nxe5 Bxe5 20. Nd5 b4 21. Ne7+ Kg7 22. Nxc8 bxc3+ 23. Kc2 Rxc8 24. Bd3 d5 25. Rhe1 Bf6 26. g3 d4 27. f4 h5 28. Re2 Bg4 29. Rde1 Bxe2 30. Rxe2 a5 31. a4 Kf8 32. Bc4 Rc5 33. h3 g5 34. Rf2 h4 35. gxh4 gxh4 36. Bd3 Be7 37. Re2 Bd6 38. f5 Be5 39. Re4 Bf6 40. Rf4 Re5 41. Rf3 Re1 42. Bc4 Ke7 43. Bd3 Kd6 44. Bc4 Kc5 45. Bxf7 Ra1 46. Kd3 Rd1+ 47. Ke2 Rd2+ 48. Ke1 Be5 49. f6 d3 50. Bg6 Bg3+ 51. Rxg3 hxg3 52. Bxd3 Rxd3 0-1

[Event "Sevastopol Waltz Rapid"]
[Site "Sevastopol"]
[Date "2021.08.26"]
[Round "5"]
[White "Diakonova, Ekaterina"]
[Black "Truskavetsky, Alexandr"]
[Result "1-0"]
[WhiteElo "2157"]
[BlackElo "2371"]
[PlyCount "57"]
[EventDate "2021.08.26"]
[EventType "swiss (rapid)"]
[EventRounds "9"]
[EventCountry "UKR"]
[SourceTitle "CBM 204 Extra"]
[Source "ChessBase"]
[SourceDate "2021.11.30"]
[SourceVersion "1"]
[SourceVersionDate "2021.11.30"]
[SourceQuality "1"]

1. Nf3 f5 2. d4 Nf6 3. g3 e6 4. Bg2 d5 5. b3 Ne4 6. Bb2 Be7 7. Ne5 Nc6 8. 0-0 h5 9. Ng6 Rh6 10. Nxe7 Qxe7 11. f3 Nd6 12. e4 fxe4 13. fxe4 Nxe4 14. Bxe4 dxe4 15. Nc3 Bd7 16. Nxe4 0-0-0 17. Bc1 Rg6 18. Qxh5 Qe8 19. Bg5 Nxd4 20. Bxd8 Bc6 21. Be7 Nf5 22. Rxf5 exf5 23. Qxf5+ Bd7 24. Qh5 Re6 25. Qxe8+ Bxe8 26. Re1 Rxe7 27. Nd6+ Kd7 28. Rxe7+ Kxe7 29. Nxe8 1-0

[Event "Sevastopol Waltz Rapid"]
[Site "Sevastopol"]
[Date "2021.08.26"]
[Round "4"]
[White "Voronin, Andrey"]
[Black "Diakonova, Ekaterina"]
[Result "0-1"]
[WhiteElo "1816"]
[BlackElo "2157"]
[PlyCount "80"]
[EventDate "2021.08.26"]
[EventType "swiss (rapid)"]
[EventRounds "9"]
[EventCountry "UKR"]
[SourceTitle "CBM 204 Extra"]
[Source "ChessBase"]
[SourceDate "2021.11.30"]
[SourceVersion "1"]
[SourceVersionDate "2021.11.30"]
[SourceQuality "1"]

1. e4 c6 2. d4 d5 3. Nc3 g6 4. e5 Bg7 5. Be3 h5 6. h3 Nh6 7. Nf3 Nf5 8. Bd3 Qb6 9. Na4 Qa5+ 10. c3 Nxe3 11. fxe3 Bh6 12. b4 Qc7 13. Qe2 b6 14. 0-0 Be6 15. Nb2 a5 16. a3 Nd7 17. c4 0-0 18. Rfc1 dxc4 19. Bxc4 Bxc4 20. Nxc4 axb4 21. axb4 Rxa1 22. Rxa1 c5 23. bxc5 bxc5 24. d5 Bg7 25. d6 exd6 26. exd6 Qc6 27. Ra7 Qb5 28. Qa2 Bh6 29. Ra8 Rxa8 30. Qxa8+ Kh7 31. Qd5 Kg7 32. Nfe5 Qb1+ 33. Kh2 Qf5 34. Qf3 Qe6 35. Nxd7 Qxc4 36. Ne5 Qe6 37. d7 Qxe5+ 38. Qg3 Qd5 39. Qc7 Bg5 40. e4 Qd4 0-1

[Event "Titled Tuesday intern op 17th Aug"]
[Site "Chess.com INT"]
[Date "2021.08.17"]
[Round "11"]
[White "Diakonova, Ekaterina"]
[Black "Petrovskiy, Vadim"]
[Result "0-1"]
[WhiteElo "2157"]
[BlackElo "2159"]
[PlyCount "56"]
[EventDate "2021.08.17"]
[EventType "swiss (blitz)"]
[EventRounds "11"]
[EventCountry "USA"]
[SourceTitle "EXT 2022"]
[Source "ChessBase"]
[SourceDate "2021.10.06"]
[SourceVersion "1"]
[SourceVersionDate "2021.10.06"]
[SourceQuality "1"]

1. Nf3 Nf6 2. g3 g6 3. b3 Bg7 4. Bb2 0-0 5. Bg2 d6 6. 0-0 e5 7. d3 Nc6 8. c4 a5 9. Nc3 Be6 10. Nd2 Re8 11. Nd5 Bxd5 12. cxd5 Nb4 13. f4 Nbxd5 14. Qc1 exf4 15. gxf4 Rxe2 16. Ne4 Rxb2 17. Qxb2 Nxe4 18. Qc2 Ne3 19. Qe2 Nxf1 20. Rxf1 Bd4+ 21. Kh1 Nf2+ 22. Rxf2 Bxf2 23. Qxf2 Qf6 24. Bxb7 Re8 25. Be4 Qa1+ 26. Kg2 Qd1 27. Qa7 Qg4+ 28. Kh1 d5 0-1

[Event "Titled Tuesday intern op 10th Aug"]
[Site "Chess.com INT"]
[Date "2021.08.10"]
[Round "10"]
[White "Bazarov, Konstantin"]
[Black "Diakonova, Ekaterina"]
[Result "1-0"]
[WhiteElo "2226"]
[BlackElo "2157"]
[PlyCount "91"]
[EventDate "2021.08.10"]
[EventType "swiss (blitz)"]
[EventRounds "11"]
[EventCountry "USA"]
[SourceTitle "CBM 203 Extra"]
[Source "ChessBase"]
[SourceDate "2021.09.30"]
[SourceVersion "1"]
[SourceVersionDate "2021.09.30"]
[SourceQuality "1"]

1. d4 e6 2. c4 c5 3. d5 exd5 4. cxd5 d6 5. Nc3 g6 6. e4 Bg7 7. Nf3 Ne7 8. Nd2 a6 9. a4 0-0 10. Be2 Nd7 11. 0-0 f5 12. exf5 Nxf5 13. Nf3 h6 14. Qc2 Nf6 15. Bf4 Nh5 16. Bc1 Nh4 17. Nxh4 Qxh4 18. Qxg6 Nf4 19. Qxd6 Bxc3 20. Bxf4 Bf6 21. Bg3 Qg5 22. Qxc5 Be6 23. Rad1 Rac8 24. Qd6 Bf7 25. f4 Qg7 26. Bf3 Bxb2 27. Qb4 Bg6 28. d6 b5 29. axb5 axb5 30. d7 Rcd8 31. Qxb5 Bc2 32. Rd2 Bd4+ 33. Kh1 Bf5 34. Bc6 Bc3 35. Rd5 Be4 36. Rd6 Bxc6 37. Qxc6 Kh7 38. Rfd1 Bb4 39. R6d5 Rf7 40. Qc4 Be7 41. Qd3+ Kh8 42. f5 Qg4 43. Be5+ Kg8 44. h3 Qh5 45. Rd4 Bg5 46. Rg4 1-0

[Event "Titled Tuesday intern op 10th Aug"]
[Site "Chess.com INT"]
[Date "2021.08.10"]
[Round "5"]
[White "Jeet, Jain"]
[Black "Diakonova, Ekaterina"]
[Result "0-1"]
[WhiteElo "2279"]
[BlackElo "2157"]
[PlyCount "90"]
[EventDate "2021.08.10"]
[EventType "swiss (blitz)"]
[EventRounds "11"]
[EventCountry "USA"]
[SourceTitle "CBM 203 Extra"]
[Source "ChessBase"]
[SourceDate "2021.09.30"]
[SourceVersion "1"]
[SourceVersionDate "2021.09.30"]
[SourceQuality "1"]

1. Nc3 d5 2. d4 c6 3. Bg5 g6 4. h4 Bg7 5. h5 Nf6 6. h6 Bf8 7. f3 Qb6 8. Rb1 Na6 9. e4 Nc7 10. e5 Nd7 11. Na4 Qa5+ 12. c3 Ne6 13. b4 Qc7 14. Be3 b5 15. Nc5 Nb6 16. Nb3 Nc4 17. Bxc4 dxc4 18. Nd2 a5 19. a3 Qd8 20. f4 Nc7 21. Ne4 Nd5 22. Bd2 Bf5 23. Qf3 axb4 24. axb4 Ra3 25. g4 Bxe4 26. Qxe4 e6 27. Ne2 Ra2 28. f5 Rxd2 29. Kxd2 Qg5+ 30. Kc2 Bxh6 31. Rbd1 Kd7 32. Kb1 Ra8 33. fxe6+ fxe6 34. Kb2 Ne3 35. Ra1 Rc8 36. Ra7+ Rc7 37. Rxc7+ Kxc7 38. Ra1 Kb7 39. Qf3 Nf5 40. gxf5 Qd2+ 41. Ka3 gxf5 42. Qh5 Qc2 43. Qf7+ Kb6 44. Nc1 Bxc1+ 45. Rxc1 Qb3# 0-1

[Event "Moscow-ch Final (Women)"]
[Site "Moscow"]
[Date "2021.03.29"]
[Round "5"]
[White "Charochkina, Daria"]
[Black "Diakonova, Ekaterina"]
[Result "1-0"]
[WhiteElo "2337"]
[BlackElo "2156"]
[PlyCount "55"]
[EventDate "2021.03.25"]
[EventType "swiss"]
[EventRounds "9"]
[EventCountry "RUS"]
[SourceTitle "CBM 202 Extra"]
[Source "ChessBase"]
[SourceDate "2021.07.31"]
[SourceVersion "1"]
[SourceVersionDate "2021.07.31"]
[SourceQuality "1"]

1. d4 d5 2. c4 c6 3. Nc3 Nf6 4. Nf3 e6 5. Bg5 Nbd7 6. e3 Qa5 7. Nd2 Bb4 8. Qc2 0-0 9. Be2 c5 10. 0-0 cxd4 11. exd4 dxc4 12. Bh4 Nd5 13. Nxc4 Qc7 14. Nxd5 exd5 15. Qb3 dxc4 16. Qxb4 Nb6 17. Qc5 Qf4 18. Bg3 Qd2 19. Bf3 Qxb2 20. a4 Be6 21. Rfb1 Qc2 22. Bxb7 Nxa4 23. Qb4 Nb6 24. Bxa8 Nxa8 25. Rxa7 Qf5 26. d5 Bd7 27. Bd6 Rc8 28. Rba1 1-0